000 00523cam a2200205 i 4500
001 1776993
005 20180213081555.0
008 771006s1977 ilua b 001 0 eng
010 _a 77070869
040 _aDLC
_cDLC
_dDLC
041 _aeng
080 _a664.92 ROM
082 0 0 _a664.92 ROM
100 1 _a9
101 _aMJE
245 1 4 _aThe meat we eat /
_cJohn R. Romans and P. Thomas Ziegler.
504 _aBibliography: p. xv-xix.
906 _a7
_bcbc
_corignew
_d2
_eopcn
_f19
_gy-gencatlg
942 _2ddc
_cBK
999 _c42405
_d42405